<?xml version="1.0" encoding="UTF-8"?>
<record
    xmlns:xsi="http://www.w3.org/2001/XMLSchema-instance"
    xsi:schemaLocation="http://www.loc.gov/MARC21/slim http://www.loc.gov/standards/marcxml/schema/MARC21slim.xsd"
    xmlns="http://www.loc.gov/MARC21/slim">

  <leader>00623nam a22001937a 4500</leader>
  <controlfield tag="003">LK-CoDNM</controlfield>
  <controlfield tag="005">20241204150621.0</controlfield>
  <controlfield tag="008">241204b        |||||||| |||| 00| 0 eng d</controlfield>
  <datafield tag="040" ind1=" " ind2=" ">
    <subfield code="a">LK-CoDNM</subfield>
    <subfield code="d">LK-CoDNM</subfield>
    <subfield code="e">LK-CoDNM</subfield>
  </datafield>
  <datafield tag="041" ind1=" " ind2=" ">
    <subfield code="a">sin</subfield>
  </datafield>
  <datafield tag="080" ind1=" " ind2=" ">
    <subfield code="a">294.3</subfield>
    <subfield code="b">AMA</subfield>
  </datafield>
  <datafield tag="100" ind1=" " ind2=" ">
    <subfield code="a">&#xDA9;&#xDD3; &#xDB4;&#xDD3; &#xDB4;&#xDCF;&#xDBD;&#xDD2;&#xDAD; &#xD85;&#xDB8;&#xDBB;&#xDC3;&#xDD2;&#xD82;&#xDC4;</subfield>
  </datafield>
  <datafield tag="245" ind1=" " ind2=" ">
    <subfield code="a">&#xD93;&#xDAD;&#xDD2;&#xDC4;&#xDCF;&#xDC3;&#xDD2;&#xD9A; &#xDB6;&#xDD9;&#xDBD;&#xDCA;&#xDBD;&#xDB1;&#xDCA;&#xDC0;&#xDD2;&#xDBD; &#xDBB;&#xDA2;&#xDB8;&#xDC4;&#xDCF; &#xDC0;&#xDD2;&#xDC4;&#xDCF;&#xDBB;&#xDBA;</subfield>
  </datafield>
  <datafield tag="260" ind1=" " ind2=" ">
    <subfield code="a">&#xDB6;&#xDD9;&#xDBD;&#xDCA;&#xDBD;&#xDB1;&#xDCA;&#xDC0;&#xDD2;&#xDBD;</subfield>
    <subfield code="b">&#xDC0;&#xDD2;&#xDC4;&#xDCF;&#xDBB; &#xDC3;&#xDCF;&#xDB0;&#xD9A; &#xDC3;&#xDB8;&#xDD2;&#xDAD;&#xDD2;&#xDBA;</subfield>
    <subfield code="c">1961</subfield>
  </datafield>
  <datafield tag="300" ind1=" " ind2=" ">
    <subfield code="b">22p. ; 21 cm</subfield>
  </datafield>
  <datafield tag="650" ind1=" " ind2=" ">
    <subfield code="a">1961</subfield>
  </datafield>
  <datafield tag="650" ind1=" " ind2=" ">
    <subfield code="a">Buddhism</subfield>
  </datafield>
  <datafield tag="942" ind1=" " ind2=" ">
    <subfield code="c">BK</subfield>
  </datafield>
  <datafield tag="952" ind1=" " ind2=" ">
    <subfield code="0">0</subfield>
    <subfield code="1">0</subfield>
    <subfield code="4">1</subfield>
    <subfield code="7">0</subfield>
    <subfield code="8">OBC</subfield>
    <subfield code="a">MAIN</subfield>
    <subfield code="b">MAIN</subfield>
    <subfield code="c">REF</subfield>
    <subfield code="d">2024-12-03</subfield>
    <subfield code="l">0</subfield>
    <subfield code="o">294.3 AMA</subfield>
    <subfield code="p">OB10161</subfield>
    <subfield code="r">2024-12-04</subfield>
    <subfield code="w">2024-12-04</subfield>
    <subfield code="y">BK</subfield>
  </datafield>
  <datafield tag="999" ind1=" " ind2=" ">
    <subfield code="c">233098</subfield>
    <subfield code="d">233098</subfield>
  </datafield>
</record>
